00485nam a2200145Ia 4500008004100000041000800041082001200049100001800061245003900079260004500118300003000163365001100193999001700204952011800221240624s9999 xx 000 0 und d aeng a828 THA aTHAPAR VALMIK aLAST TIGER STRUGGLING FOR SURVIVAL c2011aNew DelhibOxford University Press axx, : 274 : p. : cm. ; 21 cRSb32 c19084d19084 00104070aIMTNbIMTNcRack 43-Ad2012-05-16eAPg395.00o828 THAp19084r2024-06-24 00:00:00t1w2024-06-24yBK